Statistiques concernant Top 15 des villes les plus peuplées d'Ile de France

Cliquez ici pour prendre le quiz!

Statistiques générales

  • Ce quiz a été pris 178 fois
  • Le résultat moyen est 8 sur 15

Statistiques - réponses

PopulationsRéponse% Correct
2 133 111Paris
100%
113 942Saint-Denis
92%
97 351Nanterre
73%
83 587Versailles
72%
107 221Argenteuil
69%
92 989Créteil
69%
90 071Aubervilliers
62%
111 455Montreuil
61%
119 808Boulogne-Billancourt
53%
88 870Colombe
41%
86 135Aulnay-sous-Bois
37%
96 205Vitry-sur-Seine
35%
81 516Courbevoie
30%
78 186Rueil-Malmaison
25%
89 662Asnières-sur-Seine
22%

Distribution des résultats

Percentile par nombre de réponses

% des personnes avec chaque résultat

Votre développement - résultats

Vous n’avez pas pris ce quiz